Super aktivátor : [17 fantastických povídek]

Hlavní autor: Wells, H. G. 1866-1946
Jazyk: Čeština
Vydáno: Praha : ŠEL, 2003
Témata:
Fyzický popis: 243 s., [8] s. barev. obr. příl. : barev. il. ; 21 cm
Knihy
Uloženo v:
LEADER 01214nam a2200337 a 4500
001 000763229
003 CZ BrMZK
005 20050217101252.0
007 ta
008 050210s2003 xr af er 000 j czeoc
015 |a cnb001295312  |z cnb001499737 
020 |a 80-86426-15-7  |q (v knize neuvedeno ; brož.) 
035 |a (OCoLC)56867802 
035 |a (OCoLC)85136911 
040 |a ABA001  |b cze  |d BOA001 
041 1 |a cze  |h eng 
072 7 |a 821.111-3  |x Anglická próza, anglicky psaná  |2 Konspekt  |9 25 
080 |a 821.111-32  |2 MRF 
080 |a (0:82-322.9)  |2 MRF 
100 1 |a Wells, H. G.  |q (Herbert George),  |d 1866-1946  |7 jn19990009045  |4 aut 
245 1 0 |a Super aktivátor :  |b [17 fantastických povídek]  |c Herbert George Wells ; [překlad Lydia Stohrová] 
260 |a Praha :  |b ŠEL,  |c 2003 
300 |a 243 s., [8] s. barev. obr. příl. :  |b barev. il. ;  |c 21 cm 
500 |a Podnázev z obálky 
500 |a Přeloženo z angličtiny 
655 7 |a anglické povídky  |7 fd131811  |2 czenas 
655 7 |a fantasy povídky  |7 fd132238  |2 czenas 
910 |a BOA001  |b 2-1147.241 
990 |a BK 
991 |b 200502 
996 6 |b 2610242034  |c 2-1147.241  |l MZK  |r Sklad / do 1 hodiny  |n 2  |p p.v.  |w 000763229  |u 000010  |a 1  |e BOA001  |j MZK50  |s P